Effects of different organic mulches applications on okra plants in sandy loam soil condition, ឥទ្ធិពលនៃការប្រើប្រាស់គម្របសរីរាង្គខុសៗគ្នាលើដំណាំពោតបារាំង ក្នុងលក្ខខណ្ឌដីល្បាយខ្សាច់ (Record no. 24201)

000 -LEADER
fixed length control field 00731nam a22001337a 4500
040 ## - CATALOGING SOURCE
Transcribing agency RUA
082 ## - DEWEY DECIMAL CLASSIFICATION NUMBER
Classification number AGR TAN 2022 B1.410 Or.1
100 ## - MAIN ENTRY--AUTHOR NAME
Personal name TANG VISAL, តាំង វិសាល
245 ## - TITLE STATEMENT
Title Effects of different organic mulches applications on okra plants in sandy loam soil condition, ឥទ្ធិពលនៃការប្រើប្រាស់គម្របសរីរាង្គខុសៗគ្នាលើដំណាំពោតបារាំង ក្នុងលក្ខខណ្ឌដីល្បាយខ្សាច់
260 ## - PUBLICATION, DISTRIBUTION, ETC. (IMPRINT)
Place of publication PHNOM PENH
Name of publisher RUA
Year of publication 2022
300 ## - PHYSICAL DESCRIPTION
Number of Pages x,
Other physical details ill,
Dimensions 29cm,
856 ## - ELECTRONIC LOCATION AND ACCESS
Uniform Resource Identifier https://drive.google.com/file/d/1MXWXMhARUJXahErOXlLvQbQLgSK43AoB/view?usp=sharing
942 ## - ADDED ENTRY ELEMENTS (KOHA)
Koha item type AGR
952 ## - LOCATION AND ITEM INFORMATION (KOHA)
Withdrawn status [LOCAL, KOHA] 0
952 ## - LOCATION AND ITEM INFORMATION (KOHA)
Withdrawn status [LOCAL, KOHA] 0
952 ## - LOCATION AND ITEM INFORMATION (KOHA)
Withdrawn status [LOCAL, KOHA] 0
Holdings
Koha item type Barcode Lost status Permanent Location Current Location Date acquired Full call number
AGRA079592 Library Block BLibrary Block B2025-02-11AGR TAN 2022 B1.410 Or.1
AGRA079644 Library Block BLibrary Block B2025-02-11AGR TAN 2022 B1.410 Or.2
AGRA079616 Library Block BLibrary Block B2025-02-11AGR TAN 2022 B1.410 Or.3
មជ្ឈមណ្ឌលឯការនៃសាកលវិទ្យាល័យភូមិន្ទកសិកម្មចំការដូង

Powered by Koha